| 000 | 00600nam a2200193 4500 | ||
|---|---|---|---|
| 999 |
_c196693 _d196693 |
||
| 005 | 20230720151538.0 | ||
| 010 | _aENG-137502 | ||
| 020 |
_a0199463603 _c1195.00 |
||
| 035 | _aEN-121034 | ||
| 037 | _bDBAD/PUB | ||
| 082 | _a880.092 | ||
| 100 | _aRodriguez, Guillermo | ||
| 245 |
_aWhen Mirrors Are windows/ _bGuillermo Rodriguez |
||
| 246 | _aA view of A. K. Ramanujan's Poetics | ||
| 260 |
_aDelhi _bOxford University Press |
||
| 270 |
_aYMCA Library Building, Jai Singh Road, _bNew Delhi _e110001 |
||
| 300 |
_axxii;544p. _bIndex _c23cm(hb) |
||
| 942 |
_2ddc _cEN _h880.092 _mdUP |
||